LDR 00826naa#a2200181#i#450# 001 EN\\bibl\19214 005 20260601232434.1 100 ## _a20260519b2026####ek#y0engy0150####ca 102 ## _aRU 200 1# _aSUBSTANTIATION OF CONCENTRATIONS OF FUNCTIONAL COMPONENTS OF ANTIMICROBIAL FILM-FORMING COATING FOR FRESH TOMATOES _eConference article/thesis 210 1# _aMoscow _cAutonomous Non-Profit Educational Organization of Higher Education "Kuban Institute of Vocational Education" _d2026 215 ## _a7 с. 608 ## _aConference article/thesis _2local 675 ## _aТоматы и родственные им овощные растения. Lycopersicum esculentum Mill.. 635.64 _z 700 #1 _aChernyavskaya _gYuliya Nikolaevna 700 #1 _aYakovleva _gTatiana Viktorovna 700 #1 _aKotvitskaya _gDaria Vadimovna 856 4# _akipo.editorum.ru _u